000 01479nam a2200361Ia 4500
001 ebr10054708
003 CaPaEBR
006 m u
007 cr cn|||||||||
008 990719s2000 enka sb 001 0 eng d
010 _z 99040950
020 _z0203478266
020 _z0419243704 (hardbound : alk. paper)
020 _z0419243801 (pbk. : alk. paper)
040 _aCaPaEBR
_cCaPaEBR
035 _a(OCoLC)243572714
050 1 4 _aTD367
_b.M655 2000eb
082 0 4 _a628.1/61
_221
245 0 0 _aMonitoring bathing waters
_h[electronic resource] :
_ba practical guide to the design and implementation of assessments and monitoring programmes /
_cedited by Jamie Bartram and Gareth Rees.
260 _aLondon ;
_aNew York :
_bE&FN Spon,
_c2000.
300 _axiii, 335 p. :
_bill.
500 _a"Published on behalf of EPA"-- Cover.
504 _aIncludes bibliographical references and index.
533 _aElectronic reproduction.
_bPalo Alto, Calif. :
_cebrary,
_d2009.
_nAvailable via World Wide Web.
_nAccess may be limited to ebrary affiliated libraries.
650 0 _aWater quality
_xMeasurement.
650 0 _aWater
_xRecreational use.
650 0 _aRecreation areas
_xHealth aspects.
655 7 _aElectronic books.
_2local
700 1 _aBartram, Jamie.
700 1 _aRees, Gareth.
710 2 _aebrary, Inc.
856 4 0 _uhttp://site.ebrary.com/lib/rucke/Doc?id=10054708
_zAn electronic book accessible through the World Wide Web; click to view
999 _c63556
_d63556